000 00756nam a2200229Ia 4500
003 GCL
005 20240530103354.0
008 140319s9999 xx 000 0 ara d
017 _a82/4134
020 _a9771720112
040 _aGCL /
_cGCL
082 0 4 _a301
_bص م
100 1 _aصلاح مصطفى الفوال
245 1 0 _aمناهج البحث فى العلوم الاجتماعية /
_cصلاح مصطفى الفوال
260 _aالقاهرة :
_bمكتبة غريب ،
_c1982
300 _a455 ص ؛
_c24 سم
490 _aسلسلة كتب علم الاجتماع والتنمية
650 0 4 _aالاقتصاد
650 0 4 _aالاحصاء
650 0 4 _aالعلوم الاجتماعية - طرق البحث
942 _2ddc
_cBK
999 _c38892
_d38892